University Home | Library Home | Institutional Repository

Pediatric clinical practice guidelines and policies : (Record no. 34756)

MARC details
000 -LEADER
fixed length control field 00609cam a2200169 4500
008 - FIXED-LENGTH DATA ELEMENTS--GENERAL INFORMATION
fixed length control field 120117n 000 0 eng u
020 ## - INTERNATIONAL STANDARD BOOK NUMBER
International Standard Book Number 9781581102857
035 ## - SYSTEM CONTROL NUMBER
System control number (Sirsi) a175274
050 ## - LIBRARY OF CONGRESS CALL NUMBER
Classification number RJ 27 AME 2008
110 1# - MAIN ENTRY--CORPORATE NAME
Corporate name or jurisdiction name as entry element American Academy of Pediatrics
245 ## - TITLE STATEMENT
Title Pediatric clinical practice guidelines and policies :
Remainder of title a compendium of evidence-based research for pediatric practice /
Statement of responsibility, etc. by American academy of pediatrics
250 ## - EDITION STATEMENT
Edition statement 8th ed.
260 ## - PUBLICATION, DISTRIBUTION, ETC.
Place of publication, distribution, etc. Elk Grove Village :
Name of publisher, distributor, etc. American Academy of Pediatrics,
Date of publication, distribution, etc. 2008.
300 ## - PHYSICAL DESCRIPTION
Extent xvi, 1016p.
504 ## - BIBLIOGRAPHY, ETC. NOTE
Bibliography, etc. note Includes an index.
650 ## - SUBJECT ADDED ENTRY--TOPICAL TERM
Topical term or geographic name entry element Pediatric
Holdings
Withdrawn status Lost status Source of classification or shelving scheme Damaged status Not for loan Home library Current library Shelving location Total Checkouts Full call number Barcode Date last seen Copy number Price effective from Koha item type
    Library of Congress Classification     Medical Library Medical Library On Shelf   RJ 27 AME 2008 33729005884023 08/13/2019 1 08/13/2019 Book
© 2026 - The University of Zambia Library - Koha v25.11